MARC

LEADER 00000nam0a2200000 4500
001 288310
005 20231102000057.0
035 |a (RuTPU)RU\TPU\book\312772 
090 |a 288310 
100 |a 20150324d1984 k y0rusy5003 ca 
101 0 |a rus 
102 |a RU 
105 |a a z 001zy 
200 1 |a Автоматический контроль технологических параметров алюминиевых электролизеров  |f А. И. Громыко, Г. Я. Шайдуров 
210 |a Красноярск  |c Изд-во Красноярского ун-та  |d 1984 
215 |a 236 с.  |c ил. 
320 |a Библиогр.: с. 214-216 
606 1 |a Алюминий  |x Электролитическое получение  |x Механизация  |2 stltpush  |3 (RuTPU)RU\TPU\subj\21962  |9 46868 
610 1 |a алюминиевые электролизеры 
610 1 |a промышленные электролизеры 
610 1 |a технологические параметры 
610 1 |a управление 
610 1 |a производство 
610 1 |a температура 
610 1 |a импульсные электромагнитные методы 
610 1 |a погрешности 
610 1 |a электромагнитный контроль 
610 1 |a металлы 
610 1 |a массы 
610 1 |a физические основы 
675 |a 669.713.7  |v 4 
700 1 |a Громыко  |b А. И.  |g Александр Иванович 
701 1 |a Шайдуров  |b Г. Я.  |g Георгий Яковлевич 
801 0 |a RU  |b RuMRKP  |c 19950704  |g psbo 
801 1 |a RU  |b 63413507  |c 20150324 
801 2 |a RU  |b 63413507  |c 20170706  |g RCR 
942 |c BK